| 000 | 00361 a2200145 4500 | ||
|---|---|---|---|
| 001 | 169945 | ||
| 020 | _a | ||
| 040 | _cMagnum | ||
| 100 | _aMinisterio da Educacao e Cultura | ||
| 240 | 1 | 0 |
_aCaderno tecnico-didatico: voleibol moderno _lpor |
| 245 | 1 | 0 | _aCaderno tecnico-didatico: voleibol moderno |
| 362 | 0 | _a1899 | |
| 697 | _aEDUCACAO FISICA | ||
| 942 | _cBK | ||
| 999 |
_c169945 _d169945 |
||